Normal view
MARC view
- Rema K.P (Guide)
Entry Personal Name
001 - CONTROL NUMBER
- control field: 3209
003 - CONTROL NUMBER IDENTIFIER
- control field: OSt
005 - DATE AND TIME OF LATEST TRANSACTION
- control field: 20180725151419.0
008 - FIXED-LENGTH DATA ELEMENTS
- fixed length control field: 180725|| aca||aabn | a|a d
040 ## - CATALOGING SOURCE
- Original cataloging agency: OSt
- Transcribing agency: OSt
100 ## - HEADING--PERSONAL NAME
- Personal name: Rema K.P (Guide)
670 ## - SOURCE DATA FOUND
- Source citation: Work cat.: (OSt): Akshaya K Pavithran Haritha Krishnan 3208, Comparitive evaluation of evapotranspiration parameters of okra in polyhouse for alternate growing media, 2018
